| 000 | 00445nam a22001337a 4500 | ||
|---|---|---|---|
| 999 |
_c6998 _d6998 |
||
| 008 | 200414b ||||| |||| 00| 0 eng d | ||
| 020 | _a9987-449-08-5 | ||
| 100 | _aFJELDSTAD,Odd-Helge | ||
| 245 |
_aTo pay or Not to pay citizens views on Taxation by local Authorities in Tanzania _cOdd-Helge Freldstad _hEnglish |
||
| 260 |
_aDar Es Salaam _bMkuki na Nyota _c2006 |
||
| 300 |
_axi, 36p. _bIllustration _c18cm |
||
| 650 | _2Repoa | ||
| 942 |
_2ddc _cBOOKS |
||